Historia de Israel

Shranjeno v:
Bibliografske podrobnosti
Glavni avtor: Ricciotti, José (Author)
Format: Knjiga
Jezik:španščina
Izdano: Buenos Aires Excelsa 1946
Serija:Colección Tertuliano, 3-4
Teme:
Oznake: Označite
Brez oznak, prvi označite!

MARC

LEADER 00000nam a2200000 a 4500
001 UCZ6098
003 CL-VaPUC
008 951201e19460000AG |||||||||||||||||spa|d
082 0 4 |a 956.01  |b RIC  |2 21 
100 0 |a Ricciotti, José  |e author  |9 350316 
245 1 0 |a Historia de Israel 
300 |a v 
942 |c BK 
945 |d 19951201 00:00:00  |a cmena 
260 |a Buenos Aires  |b Excelsa  |c 1946 
500 |a v.1: Desde los orígenes al exilio 
500 |a v.2: Desde el exilio hasta el año 135 después de Cristo 
650 0 |a Historia antigua  |9 267521 
650 0 |a Arqueología   |9 265619 
650 7 |a DOCTRINAS RELIGIOSAS  |2 CL-VaPUC  |9 337177 
651 0 |a Israel  |9 314378 
583 |a last modification  |c 19951201 00:00:00  |k Rodrigo Vera 
490 0 |a Colección Tertuliano, 3-4 
999 |c 242356  |d 242354 
952 |0 0  |1 0  |4 0  |6 956_010000000000000_RIC_1946  |7 0  |8 P  |9 255226  |a BIBEDU  |b BIBEDU  |c BIBEDU_PB  |d 2019-11-19  |h v.1  |i 1600648  |o 956.01 RIC 1946  |p 1600648  |r 2024-01-25  |w 2019-11-19  |y BK  |k FIL 
952 |0 0  |1 0  |4 0  |6 956_010000000000000_RIC_1946  |7 0  |8 P  |9 255227  |a BIBEDU  |b BIBEDU  |c BIBEDU_PB  |d 2019-11-19  |h v.2  |i 1600710  |o 956.01 RIC 1946  |p 1600710  |r 2024-01-25  |w 2019-11-19  |y BK  |k FIL 
952 |0 0  |1 0  |4 0  |6 956_010000000000000_RIC_1946  |7 0  |8 X  |9 255228  |a BIBHIS  |b BIBHIS  |d 2019-11-19  |h v.2  |i 1384007  |o 956.01 RIC 1946  |p 1384007  |r 2024-01-30  |w 2019-11-19  |y BK_X  |k HIS 
952 |0 0  |1 0  |4 0  |6 956_010000000000000_RIC_1946  |7 0  |8 P  |9 255229  |a BIBTEO  |b BIBTES  |c TEO_FTES  |d 2019-11-19  |h v.1  |i 2101203  |o 956.01 RIC 1946  |p 2101203  |r 2024-01-18  |w 2019-11-19  |y BK  |k ICR 
952 |0 0  |1 0  |4 0  |6 956_010000000000000_RIC_1946  |7 0  |8 P  |9 255230  |a BIBTEO  |b BIBTES  |c TEO_FTES  |d 2019-11-19  |h v.2  |i 2101211  |o 956.01 RIC 1946  |p 2101211  |r 2024-01-18  |w 2019-11-19  |y BK  |k ICR